The social dynamics of marketing

Guardat en:
Dades bibliogràfiques
Autors principals: Berenson, Conrad (Autor), Eilbirt, Henry (Autor)
Format: Llibre
Idioma:anglès
Publicat: Nueva York Random House 1973
Matèries:
Etiquetes: Afegir etiqueta
Sense etiquetes, Sigues el primer a etiquetar aquest registre!

MARC

LEADER 00000nam a2200000 a 4500
001 UCQ1841
003 CL-VaPUC
008 980721e19730000US |||||||||||||||||eng|d
082 0 4 |a 658.8  |b BER  |2 21 
100 0 |a Berenson, Conrad  |e author  |9 415735 
700 0 |a Eilbirt, Henry  |e author  |9 415736 
245 1 4 |a The social dynamics of marketing 
300 |a 409 p 
942 |c BK 
945 |d 19980721 00:00:00  |a cmena 
260 |a Nueva York  |b Random House  |c 1973 
650 0 |a Marketing  |9 259324 
650 0 |a Aspectos sociales  |9 254894 
650 7 |a PRODUCTOS  |2 CL-VaPUC  |9 338640 
650 0 |a Consumidores  |9 315658 
650 0 |a Investigación de mercado  |9 332310 
650 0 |a Publicidad  |9 314572 
650 7 |a PLANIFICACION Y CONTROL  |2 CL-VaPUC  |9 415737 
650 7 |a ESTRATEGIAS  |2 CL-VaPUC  |9 342878 
583 |a last modification  |c 19980721 00:00:00  |k Rodrigo Vera 
999 |c 272685  |d 272683 
952 |0 0  |1 0  |4 0  |6 658_800000000000000_BER_1973  |7 0  |8 A  |9 307805  |a BIBGIM  |b BIBGIM  |d 2019-11-20  |i 1441647  |o 658.8 BER 1973  |p 1441647  |r 2025-01-15  |w 2019-11-20  |y BK  |k COM